[Event "PARDUBICE OPEN  2007 "]
[Site "CEZ arena,  Pardubice  (CZE)"]
[Date "2007.07.24"]
[Round "5"]
[White "Wirig, Anthony"]
[Black "Orzech, Dominik"]
[Result "1/2-1/2"]
[WhiteElo "2487"]
[BlackElo "2394"]
[PlyCount "49"]
[EventDate "2007.07.20"]

1. c4 Nf6 2. Nc3 g6 3. d4 Bg7 4. Nf3 O-O 5. g3 c6 6. Bg2 d5 7. cxd5 cxd5 8. O-O
Ne4 9. e3 Nxc3 10. bxc3 Nc6 11. Nd2 Be6 12. Ba3 Qd7 13. Re1 Rac8 14. Qa4 Rc7
15. Rad1 Bg4 16. Rc1 Rfc8 17. Nb3 b6 18. c4 dxc4 19. Rxc4 Be6 20. Rc3 Bh3 21.
Qb5 h5 22. Qd5 Qxd5 23. Bxd5 Nb8 24. Rxc7 Rxc7 25. Rc1 1/2-1/2

[Event "PARDUBICE OPEN  2007 "]
[Site "CEZ arena,  Pardubice  (CZE)"]
[Date "2007.07.24"]
[Round "5"]
[White "Jirka, Jiri"]
[Black "Kalod, Radek"]
[Result "0-1"]
[WhiteElo "2398"]
[BlackElo "2486"]
[PlyCount "84"]
[EventDate "2007.07.20"]

1. d4 Nf6 2. c4 e5 3. dxe5 Ng4 4. Bf4 g5 5. Bg3 Bg7 6. Nf3 Nc6 7. Nc3 Ngxe5 8.
Nxe5 Nxe5 9. e3 d6 10. h4 g4 11. h5 Be6 12. Nd5 Bxd5 13. cxd5 c5 14. Qa4+ Kf8
15. Be2 Rg8 16. Qc2 h6 17. Bf4 b5 18. a4 b4 19. Rc1 b3 20. Qxb3 Rb8 21. Qd1
Qa5+ 22. Kf1 Rxb2 23. Rb1 Qb4 24. Rxb2 Qxb2 25. Bxg4 Ke7 26. Bf5 Rb8 27. g4 Qa2
28. Kg2 Rb2 29. Rf1 Nc4 30. Qd3 Nd2 31. g5 c4 32. Qe2 Nxf1 33. Qxf1 c3 34. Qa6
Qxd5+ 35. e4 Qc5 36. Bxd6+ Qxd6 37. Qxa7+ Kf8 38. g6 fxg6 39. Bxg6 Kg8 40. Qf7+
Kh8 41. Bf5 Qf6 42. Qe8+ Bf8 0-1

[Event "PARDUBICE OPEN  2007 "]
[Site "CEZ arena,  Pardubice  (CZE)"]
[Date "2007.07.24"]
[Round "5"]
[White "Mamedjarova, Zeinab"]
[Black "Vasjukov, Evgeni"]
[Result "1-0"]
[WhiteElo "2384"]
[BlackElo "2486"]
[PlyCount "66"]
[EventDate "2007.07.20"]

1. Nf3 Nf6 2. d4 g6 3. c4 Bg7 4. g3 O-O 5. Bg2 d6 6. O-O Nbd7 7. Nc3 c5 8. h3
Qa5 9. Be3 Nb6 10. Nd2 cxd4 11. Bxd4 Be6 12. b3 Qh5 13. g4 Qa5 14. Bxb7 Rab8
15. Bg2 h5 16. gxh5 Nxh5 17. Nf3 Bh6 18. Nb5 Nxc4 19. a4 Nb6 20. Bc3 Qa6 21. e3
Nd5 22. Bd4 Qc8 23. Nh2 a6 24. Ng4 Bg5 25. f4 Bh4 26. Na7 Qb7 27. f5 Bd7 28.
Nh6+ Kh7 29. Nxf7 Nhf6 30. fxg6+ Kxg6 31. Qd3+ Kg7 32. Bxd5 Rxf7 33. Bxb7 Rxb7
1-0

[Event "PARDUBICE OPEN  2007 "]
[Site "CEZ arena,  Pardubice  (CZE)"]
[Date "2007.07.24"]
[Round "5"]
[White "Heberla, Bartolomiej"]
[Black "Tikkanen, Hans"]
[Result "1-0"]
[WhiteElo "2484"]
[BlackElo "2365"]
[PlyCount "43"]
[EventDate "2007.07.20"]

1. e4 e5 2. Nf3 Nc6 3. c3 Nf6 4. d4 d5 5. Bb5 exd4 6. e5 Ne4 7. Nxd4 Bd7 8.
Bxc6 bxc6 9. O-O g6 10. Be3 c5 11. Ne2 c6 12. Nd2 Nxd2 13. Qxd2 Qa5 14. Bh6
Bxh6 15. Qxh6 O-O-O 16. b4 cxb4 17. cxb4 Qxb4 18. Rab1 Qe4 19. Qd2 Rde8 20. Qa5
Qxe2 21. Qxa7 Qxe5 22. Rb7 1-0

[Event "PARDUBICE OPEN  2007 "]
[Site "CEZ arena,  Pardubice  (CZE)"]
[Date "2007.07.24"]
[Round "5"]
[White "Totsky, Leonid"]
[Black "Jorczik, Julian Marcel"]
[Result "1-0"]
[WhiteElo "2484"]
[BlackElo "2333"]
[PlyCount "57"]
[EventDate "2007.07.20"]

1. e4 c5 2. Nf3 Nc6 3. Bb5 e5 4. O-O Nge7 5. c3 g6 6. d4 cxd4 7. cxd4 exd4 8.
Nxd4 Bg7 9. Be3 O-O 10. Nc3 d5 11. Bxc6 bxc6 12. Bg5 f6 13. Bf4 g5 14. Bg3 f5
15. exf5 Bxf5 16. Re1 Qb6 17. Be5 Bxe5 18. Rxe5 Qxb2 19. Na4 Qa3 20. Qb3 Qd6
21. Rae1 Rf7 22. Qe3 Bg6 23. Rxg5 Qb4 24. h4 Qxa4 25. h5 Raf8 26. Ne6 Rb8 27.
hxg6 Nxg6 28. f4 d4 29. Qe4 1-0

[Event "PARDUBICE OPEN  2007 "]
[Site "CEZ arena,  Pardubice  (CZE)"]
[Date "2007.07.24"]
[Round "5"]
[White "Netzer, Jean"]
[Black "Akesson, Ralf"]
[Result "1/2-1/2"]
[WhiteElo "2383"]
[BlackElo "2477"]
[PlyCount "42"]
[EventDate "2007.07.20"]

1. e4 c6 2. d4 d5 3. Nc3 dxe4 4. Nxe4 Nd7 5. Ng5 Ngf6 6. Bd3 e6 7. Qe2 Bd6 8.
N1f3 h6 9. Ne4 Nxe4 10. Qxe4 Qc7 11. Qg4 Kf8 12. O-O c5 13. c3 b6 14. Re1 Bb7
15. Qh3 Re8 16. Bd2 c4 17. Bc2 Bd5 18. Re2 g6 19. Rae1 Kg7 20. Ne5 Nxe5 21.
dxe5 Be7 1/2-1/2

[Event "PARDUBICE OPEN  2007 "]
[Site "CEZ arena,  Pardubice  (CZE)"]
[Date "2007.07.24"]
[Round "5"]
[White "Feller, Sebastian"]
[Black "Vanek, Tomas"]
[Result "1/2-1/2"]
[WhiteElo "2476"]
[BlackElo "2271"]
[PlyCount "110"]
[EventDate "2007.07.20"]

1. d4 f5 2. c4 Nf6 3. g3 g6 4. Bg2 Bg7 5. Nf3 d6 6. O-O O-O 7. Nc3 Nc6 8. d5
Ne5 9. Nxe5 dxe5 10. Bg5 Nd7 11. Be3 f4 12. Bd2 e6 13. Ne4 Qe7 14. Qb3 a5 15.
Rac1 Kh8 16. Bc3 Ra6 17. Rfd1 exd5 18. cxd5 fxg3 19. hxg3 Nf6 20. Qa3 Qxa3 21.
bxa3 Nxe4 22. Bxe4 Bd7 23. Rb1 Ra7 24. Bd2 Bf5 25. Bxf5 gxf5 26. Be3 b6 27. d6
Bf6 28. dxc7 Rxc7 29. Bxb6 Rc2 30. Kf1 a4 31. Ba5 Kg7 32. Rd2 Rfc8 33. Rb7+ Kg6
34. Ra7 Rxd2 35. Bxd2 Rc2 36. Bb4 Rc1+ 37. Kg2 Rc2 38. Ra6 Kf7 39. e3 Bg5 40.
Kf1 Rc1+ 41. Ke2 Rc2+ 42. Ke1 h5 43. Rxa4 h4 44. gxh4 Bxh4 45. Kd1 Rxa2 46. f4
exf4 47. exf4 Ke6 48. Bd2 Kd5 49. Ke2 Be7 50. Ra5+ Kc4 51. Ra4+ Kd5 52. Ra5+
Kd4 53. Rxf5 Bxa3 54. Ra5 Rxd2+ 55. Kxd2 Bb4+ 1/2-1/2

[Event "PARDUBICE OPEN  2007 "]
[Site "CEZ arena,  Pardubice  (CZE)"]
[Date "2007.07.24"]
[Round "5"]
[White "Spirin, Oleg"]
[Black "Ibrayev, Nurlan"]
[Result "0-1"]
[WhiteElo "2356"]
[BlackElo "2468"]
[PlyCount "94"]
[EventDate "2007.07.20"]

1. d4 Nf6 2. c4 e6 3. Nc3 Bb4 4. e3 c5 5. Bd3 cxd4 6. exd4 d5 7. cxd5 Nxd5 8.
Nge2 Nc6 9. O-O O-O 10. Bc2 Re8 11. Qd3 g6 12. Rd1 Bf8 13. a3 Bg7 14. Ne4 h6
15. Bb3 b6 16. Bd2 Nce7 17. Rac1 Nf5 18. N4g3 Nd6 19. Nc3 Bb7 20. Nxd5 Bxd5 21.
Bxd5 exd5 22. Re1 Qd7 23. Bc3 h5 24. h3 a5 25. Qf3 h4 26. Nf1 Qf5 27. Nd2 Bh6
28. Qxf5 Nxf5 29. Rxe8+ Rxe8 30. Rd1 Bxd2 31. Bxd2 Rc8 32. Rc1 Rxc1+ 33. Bxc1
b5 34. Bd2 a4 35. Bc3 Nd6 36. Kf1 f5 37. Ke2 Kf7 38. Kd3 g5 39. Ba5 Nc4 40. Bc3
g4 41. Kc2 f4 42. f3 Ne3+ 43. Kd3 g3 44. Ba5 Nxg2 45. Ke2 Kg6 46. Bd8 Ne3 47.
Bxh4 Nf5 0-1

[Event "PARDUBICE OPEN  2007 "]
[Site "CEZ arena,  Pardubice  (CZE)"]
[Date "2007.07.24"]
[Round "5"]
[White "Kuljasevic, Davorin"]
[Black "Otte, Marco"]
[Result "1-0"]
[WhiteElo "2454"]
[BlackElo "2216"]
[PlyCount "91"]
[EventDate "2007.07.20"]

1. d4 d5 2. c4 e6 3. Nc3 f5 4. Bf4 Bd6 5. e3 c6 6. Bd3 Nf6 7. Nge2 O-O 8. Qc2
Na6 9. a3 dxc4 10. Bxc4 b5 11. Bb3 Nc7 12. Bxd6 Qxd6 13. Qxf5 Kh8 14. Qf4 Qe7
15. O-O Ba6 16. Rfe1 Rab8 17. Ne4 Ncd5 18. Bxd5 Nxe4 19. Qxe4 cxd5 20. Qe5 Rbe8
21. Rac1 Rf5 22. Qg3 Ref8 23. Rc6 Bc8 24. Nf4 g5 25. Nd3 Qf6 26. Rc7 b4 27.
Rxa7 bxa3 28. bxa3 e5 29. Nxe5 Rxf2 30. Nf7+ Qxf7 31. Rxf7 R2xf7 32. Qe5+ Kg8
33. Qxg5+ Kh8 34. Qxd5 Rf5 35. Qc6 R5f6 36. Qc3 Bb7 37. h3 h5 38. e4 Kh7 39. d5
Kh6 40. e5 Rf5 41. Qc7 R8f7 42. Qd6+ Kh7 43. e6 Rg7 44. e7 Rxd5 45. Qxd5 Bxd5
46. e8=Q 1-0

[Event "PARDUBICE OPEN  2007 "]
[Site "CEZ arena,  Pardubice  (CZE)"]
[Date "2007.07.24"]
[Round "5"]
[White "Krejci, Jan"]
[Black "Zakhartsov, Viacheslav"]
[Result "1-0"]
[WhiteElo "2315"]
[BlackElo "2559"]
[PlyCount "115"]
[EventDate "2007.07.20"]

1. e4 c5 2. Nf3 d6 3. d4 cxd4 4. Nxd4 Nf6 5. Nc3 a6 6. Be3 e5 7. Nb3 Be6 8. f3
h5 9. Nd5 Bxd5 10. exd5 Nbd7 11. Qd2 Qc7 12. O-O-O Rc8 13. Kb1 b5 14. g3 Nb6
15. Bxb6 Qxb6 16. Bh3 Rc4 17. Rhe1 Be7 18. Bf1 Rc7 19. f4 Nd7 20. Bh3 Bf6 21.
Bxd7+ Rxd7 22. fxe5 dxe5 23. Qb4 Rd6 24. Nc5 O-O 25. Ne4 Rd7 26. d6 Rc8 27.
Nxf6+ gxf6 28. Rf1 Rc4 29. Qa3 Kg7 30. Qf3 Rxd6 31. Qxh5 Rxd1+ 32. Qxd1 Rd4 33.
Qf3 b4 34. h4 Qe6 35. h5 a5 36. b3 Rg4 37. h6+ Kh7 38. Qxf6 Qxf6 39. Rxf6 Rxg3
40. Rxf7+ Kxh6 41. Ra7 e4 42. Rxa5 Rg5 43. Ra6+ Kg7 44. Kc1 Rd5 45. Rc6 Rd4 46.
Rc4 Rxc4 47. bxc4 Kf6 48. Kd2 Ke5 49. Ke3 Kf5 50. c5 Ke5 51. c6 Kd6 52. Kxe4
Kxc6 53. Kd4 Kb5 54. Kd5 Ka4 55. Kc4 Ka5 56. Kc5 Ka4 57. Kb6 Ka3 58. Kb5 1-0

[Event "PARDUBICE OPEN  2007 "]
[Site "CEZ arena,  Pardubice  (CZE)"]
[Date "2007.07.24"]
[Round "5"]
[White "Vorobiov, Evgeny E"]
[Black "Nun, Jiri"]
[Result "1/2-1/2"]
[WhiteElo "2572"]
[BlackElo "2366"]
[PlyCount "75"]
[EventDate "2007.07.20"]

1. d4 c5 2. d5 g6 3. e4 Bg7 4. Nc3 d6 5. Bb5+ Bd7 6. a4 Na6 7. Nf3 Nc7 8. Bc4
Bg4 9. h3 Bxf3 10. Qxf3 Nf6 11. O-O O-O 12. Rd1 Nd7 13. Bf1 b6 14. Bf4 a6 15.
Rab1 Rb8 16. Qg3 b5 17. axb5 axb5 18. b4 c4 19. Qe3 f5 20. exf5 Rxf5 21. Bh6
Re5 22. Qd2 Bxh6 23. Qxh6 Nf6 24. g4 Nfxd5 25. Nxd5 Rxd5 26. Re1 Qf8 27. Qe3 e5
28. Bg2 Rd4 29. Rbd1 Kh8 30. f4 exf4 31. Qxd4+ Qg7 32. Qxd6 Rf8 33. Bf3 h6 34.
Be4 Rf6 35. Qd8+ Rf8 36. Qd6 Rf6 37. Qd8+ Rf8 38. Qd6 1/2-1/2

[Event "PARDUBICE OPEN  2007 "]
[Site "CEZ arena,  Pardubice  (CZE)"]
[Date "2007.07.24"]
[Round "5"]
[White "Novikov, Stanislav"]
[Black "Reutsky, Sergei"]
[Result "1-0"]
[WhiteElo "2562"]
[BlackElo "2360"]
[PlyCount "61"]
[EventDate "2007.07.20"]

1. e4 e6 2. Qe2 c5 3. g3 Nc6 4. c3 g6 5. Bg2 Bg7 6. d3 Nge7 7. Nf3 O-O 8. h4 f5
9. h5 d5 10. hxg6 Nxg6 11. Bg5 Bf6 12. Bxf6 Qxf6 13. Nbd2 fxe4 14. dxe4 d4 15.
cxd4 cxd4 16. e5 Ncxe5 17. Nxe5 Qxe5 18. Be4 Qg7 19. Nf3 Bd7 20. Rd1 Rad8 21.
Rxd4 Bb5 22. Qe3 Rc8 23. Ng5 Rc1+ 24. Kd2 Rxh1 25. Bxh1 Qf6 26. Qxe6+ Qxe6 27.
Nxe6 Rxf2+ 28. Kc3 b6 29. Bd5 Ne7 30. Bb3 a6 31. Rd8+ 1-0

[Event "PARDUBICE OPEN  2007 "]
[Site "CEZ arena,  Pardubice  (CZE)"]
[Date "2007.07.24"]
[Round "5"]
[White "Cvek, Robert"]
[Black "Grekh, Andrij"]
[Result "1/2-1/2"]
[WhiteElo "2548"]
[BlackElo "2355"]
[PlyCount "132"]
[EventDate "2007.07.20"]

1. Nf3 Nf6 2. c4 c5 3. Nc3 d5 4. cxd5 Nxd5 5. d4 cxd4 6. Qxd4 Nxc3 7. Qxc3 e6
8. e4 Nd7 9. Bc4 Nb6 10. Bb3 Bd7 11. O-O Rc8 12. Qe5 Qf6 13. Rd1 Qxe5 14. Nxe5
Ba4 15. Be3 Bxb3 16. axb3 Bc5 17. Rxa7 Bxe3 18. fxe3 Rc7 19. Nc4 Nc8 20. Ra8
Ke7 21. e5 Re8 22. Rd4 Rd7 23. Rb8 Rc7 24. Nd6 Rd8 25. Nxb7 Rd5 26. Rxd5 exd5
27. b4 Ke6 28. Kf2 Rc2+ 29. Kf3 Kxe5 30. b5 Nd6 31. Nxd6 Kxd6 32. Rh8 g6 33.
Rxh7 Ke6 34. Rh8 Rxb2 35. Rb8 Rb3 36. Kf4 Rb4+ 37. Kg5 Rb2 38. g4 Rxh2 39. b6
Ke7 40. Rc8 Rb2 41. Rc7+ Ke6 42. b7 Rb5 43. Kh6 g5 44. Kxg5 d4+ 45. Kf4 d3 46.
Rc3 Rxb7 47. Rxd3 Kf6 48. e4 Rb6 49. Rd7 Kg6 50. Rd8 Kg7 51. e5 Ra6 52. Kf5 Rb6
53. Rd6 Rb5 54. g5 Rb1 55. g6 Rf1+ 56. Ke4 fxg6 57. Kd5 g5 58. Ke6 g4 59. Rd4
Rg1 60. Ke7 Kg6 61. e6 g3 62. Rf4 Kg5 63. Rf8 Re1 64. Kd7 g2 65. Rg8+ Kf6 66.
Rxg2 Rd1+ 1/2-1/2

[Event "PARDUBICE OPEN  2007 "]
[Site "CEZ arena,  Pardubice  (CZE)"]
[Date "2007.07.24"]
[Round "5"]
[White "Van, Oosterom Chiel"]
[Black "Maslak, Konstantin"]
[Result "0-1"]
[WhiteElo "2358"]
[BlackElo "2548"]
[PlyCount "130"]
[EventDate "2007.07.20"]

1. e4 e6 2. d4 d5 3. Nc3 Nf6 4. Bg5 dxe4 5. Nxe4 Nbd7 6. Nf3 h6 7. Nxf6+ Nxf6
8. Bh4 c5 9. Bc4 cxd4 10. Nxd4 Be7 11. O-O O-O 12. Re1 a6 13. c3 Qc7 14. Qe2
Nd5 15. Bg3 Nf4 16. Qe4 Nh3+ 17. gxh3 Qxc4 18. Nf5 Qc5 19. Nxe7+ Qxe7 20. Rad1
Re8 21. Bd6 Qf6 22. Rd3 e5 23. Bxe5 Qe7 24. Rde3 f6 25. Qc4+ Qf7 26. Qxf7+ Kxf7
27. Bd6 Rxe3 28. Rxe3 Be6 29. a4 Rd8 30. Bc5 Rd1+ 31. Kg2 Bd5+ 32. Kg3 g5 33.
Re7+ Kg6 34. f3 Bc6 35. Kf2 Rd2+ 36. Re2 Rd5 37. Bd4 Rf5 38. Re3 Bxa4 39. h4
gxh4 40. b4 Bc6 41. Bb6 Rg5 42. Bc7 h5 43. Rd3 h3 44. f4 Rg2+ 45. Ke1 h4 46.
Rxh3 Kh5 47. f5 Kg4 48. Re3 Kxf5 49. Re2 Rg1+ 50. Kd2 Bf3 51. Re3 Rg2+ 52. Kd3
Bc6 53. Re1 Rg7 54. Rf1+ Ke6 55. Bb8 Rg8 56. Bc7 Bb5+ 57. c4 Bxc4+ 58. Kxc4 Rc8
59. Re1+ Kf7 60. Re4 Rxc7+ 61. Kd5 Rd7+ 62. Kc5 Kg6 63. Rxh4 Rh7 64. Rg4+ Kf5
65. Rg2 Ke4 0-1

[Event "PARDUBICE OPEN  2007 "]
[Site "CEZ arena,  Pardubice  (CZE)"]
[Date "2007.07.24"]
[Round "5"]
[White "Votava, Jan"]
[Black "Ruijgrok, Dennis"]
[Result "1-0"]
[WhiteElo "2547"]
[BlackElo "2355"]
[PlyCount "97"]
[EventDate "2007.07.20"]

1. d4 f5 2. c4 Nf6 3. Nc3 g6 4. g3 Bg7 5. Bg2 O-O 6. Nh3 d6 7. d5 Nbd7 8. Nf4
Ne5 9. Qb3 Kh8 10. h4 h6 11. Be3 Kh7 12. O-O-O c5 13. h5 g5 14. Ne6 Bxe6 15.
dxe6 Qc8 16. Bxb7 Qxe6 17. Bxa8 Rxa8 18. Nd5 Nxd5 19. Rxd5 Nc6 20. Qd3 Kh8 21.
Qxf5 Qg8 22. Qe4 Nb4 23. Rd2 Nxa2+ 24. Kd1 Rb8 25. Ke1 Bc3 26. bxc3 Nxc3 27.
Bd4+ cxd4 28. Qxd4+ Qg7 29. Kf1 Qxd4 30. Rxd4 Rb2 31. Rd3 Ne4 32. Kg2 Nc5 33.
Re3 Rb7 34. Ra3 a6 35. f4 gxf4 36. gxf4 Rb4 37. Rha1 Kg7 38. Rg3+ Kf6 39. Rg6+
Kf5 40. Rxh6 Kxf4 41. Rf1+ Ke3 42. Rf7 Kxe2 43. Rg6 Ke3 44. h6 Rb2+ 45. Kh3 Rb1
46. h7 Ne4 47. Kh2 Rb2+ 48. Rg2 Rb8 49. Rg8 1-0

[Event "PARDUBICE OPEN  2007 "]
[Site "CEZ arena,  Pardubice  (CZE)"]
[Date "2007.07.24"]
[Round "5"]
[White "Radovanovic, Jovica"]
[Black "Jakubiec, Artur"]
[Result "1/2-1/2"]
[WhiteElo "2355"]
[BlackElo "2541"]
[PlyCount "59"]
[EventDate "2007.07.20"]

1. d4 c5 2. d5 f5 3. Nf3 Nf6 4. g3 g6 5. Bg2 d6 6. O-O Bg7 7. c4 O-O 8. Nc3 Na6
9. Bg5 Nc7 10. Qd2 Ng4 11. h3 Ne5 12. Nxe5 dxe5 13. d6 Qxd6 14. Qxd6 exd6 15.
Be7 Rf7 16. Bxd6 e4 17. Bxc5 Ne6 18. Bd6 Bd7 19. Rac1 Rc8 20. b3 Bc6 21. Rfd1
Bxc3 22. Rxc3 Rd7 23. g4 b6 24. gxf5 gxf5 25. b4 Kf7 26. Rcc1 Ba4 27. Rd5 Bc6
28. Rdd1 Ba4 29. Rd5 Bc6 30. Rdd1 1/2-1/2

[Event "PARDUBICE OPEN  2007 "]
[Site "CEZ arena,  Pardubice  (CZE)"]
[Date "2007.07.24"]
[Round "5"]
[White "Dziuba, Marcin"]
[Black "Korotkevych, Stanislav"]
[Result "1-0"]
[WhiteElo "2536"]
[BlackElo "2349"]
[PlyCount "83"]
[EventDate "2007.07.20"]

1. d4 Nf6 2. c4 c5 3. d5 e5 4. Nc3 d6 5. e4 Nbd7 6. Be3 Be7 7. h3 Nf8 8. g3 Ng6
9. Bd3 h5 10. f4 exf4 11. gxf4 Nh4 12. Qe2 Nd7 13. e5 dxe5 14. O-O-O O-O 15.
Nf3 Nxf3 16. Qxf3 exf4 17. Qxf4 Bf6 18. Rhg1 Bxc3 19. bxc3 Qf6 20. Qxf6 Nxf6
21. Bxc5 Bxh3 22. Bd4 Ne8 23. Be2 Rc8 24. c5 Bg4 25. Bxg4 hxg4 26. d6 Rd8 27.
Rxg4 f5 28. Rg5 Rd7 29. a4 f4 30. a5 a6 31. Kd2 Nf6 32. Kd3 Nh7 33. Rg6 Rff7
34. Re1 f3 35. Rf1 Rd8 36. Kc4 Rc8 37. Rxf3 Rxf3 38. Rxg7+ Kf8 39. Rxh7 Rg3 40.
Rh8+ Rg8 41. Rxg8+ Kxg8 42. Bf6 1-0

[Event "PARDUBICE OPEN  2007 "]
[Site "CEZ arena,  Pardubice  (CZE)"]
[Date "2007.07.24"]
[Round "5"]
[White "Gavrilov, Alexei"]
[Black "Groetz, Harald"]
[Result "1-0"]
[WhiteElo "2512"]
[BlackElo "2347"]
[PlyCount "133"]
[EventDate "2007.07.20"]

1. d4 d5 2. c4 c6 3. e3 Nf6 4. Nc3 a6 5. a4 e6 6. Nf3 a5 7. Bd3 Na6 8. O-O Nb4
9. e4 Nxd3 10. Qxd3 dxe4 11. Nxe4 Be7 12. Rd1 O-O 13. Bf4 b6 14. Rac1 Ba6 15.
Nxf6+ Bxf6 16. Qe4 Rc8 17. b3 Re8 18. h3 Qe7 19. c5 b5 20. Rc3 Qd8 21. Bd6 Be7
22. Bxe7 Qxe7 23. Ra1 b4 24. Re3 Qd8 25. Rae1 Qd5 26. Qxd5 cxd5 27. Nd2 Rc6 28.
f4 f6 29. Nf3 Bc8 30. g4 Kf7 31. Kf2 Bd7 32. g5 Rc7 33. h4 h5 34. gxf6 gxf6 35.
f5 e5 36. dxe5 Bxf5 37. Nd4 Be4 38. Nb5 Rxc5 39. Nd6+ Kf8 40. Nxe8 Kxe8 41.
exf6 Kf7 42. Rg1 Kxf6 43. Rg5 Rc2+ 44. Ke1 Rc1+ 45. Kd2 Rc2+ 46. Kd1 Rf2 47.
Rxh5 Rh2 48. Ke1 Rh1+ 49. Kf2 Rh2+ 50. Kg3 Rg2+ 51. Kh3 Rg1 52. Rg3 Rh1+ 53.
Kg4 Rb1 54. Kf4 Rf1+ 55. Ke3 Rd1 56. Rh6+ Kf7 57. Ra6 Rh1 58. Rxa5 Rxh4 59. Rb5
Bc2 60. Kd2 Rh2+ 61. Ke1 d4 62. Rxb4 d3 63. Rd4 Rh1+ 64. Kd2 Bxb3 65. Kxd3 Be6
66. Re3 Rh2 67. Kc3 1-0

[Event "PARDUBICE OPEN  2007 "]
[Site "CEZ arena,  Pardubice  (CZE)"]
[Date "2007.07.24"]
[Round "5"]
[White "Bromberger, Stefan"]
[Black "Jasny, Stanislav"]
[Result "1-0"]
[WhiteElo "2500"]
[BlackElo "2342"]
[PlyCount "125"]
[EventDate "2007.07.20"]

1. e4 e5 2. Nf3 Nc6 3. Bb5 a6 4. Ba4 Nf6 5. O-O Be7 6. Re1 b5 7. Bb3 d6 8. c3
O-O 9. h3 Na5 10. Bc2 c5 11. d4 Qc7 12. Nbd2 cxd4 13. cxd4 Nc6 14. Nb3 a5 15.
Be3 a4 16. Nbd2 Bd7 17. Rc1 Qb7 18. Bb1 Rfe8 19. Nf1 Bd8 20. Ng3 h6 21. a3 Na5
22. Ba2 Nc4 23. Bxc4 bxc4 24. Nd2 exd4 25. Bxd4 d5 26. e5 Nh7 27. f4 Bb6 28.
Nf3 Rab8 29. Rc2 f6 30. Kh2 Bxd4 31. Nxd4 fxe5 32. fxe5 Ng5 33. Rce2 Qc7 34.
Qd2 Rb6 35. Qa5 Rb7 36. Qc3 Ne6 37. Ngf5 Nxd4 38. Nxd4 Be6 39. Rf1 Qd7 40. Qg3
Reb8 41. Rff2 Kh7 42. Qf3 Rb3 43. Qf4 Rd3 44. Rd2 Rxd2 45. Qxd2 Qe8 46. Qa5 Rb7
47. Qa6 Re7 48. Qd6 Bf7 49. e6 Bg6 50. Qxd5 c3 51. bxc3 Qb8+ 52. Kg1 Rb7 53.
Qf3 Rb1+ 54. Rf1 Rb2 55. Qf4 Qb7 56. Rf2 Rb1+ 57. Kh2 Re1 58. Re2 Rxe2 59. Nxe2
Qb2 60. Qe5 Qxa3 61. e7 Qb2 62. Nf4 Be8 63. Ne6 1-0

[Event "PARDUBICE OPEN  2007 "]
[Site "CEZ arena,  Pardubice  (CZE)"]
[Date "2007.07.24"]
[Round "5"]
[White "Ismagambetov, Anuar"]
[Black "Tjurin, Alexander"]
[Result "1-0"]
[WhiteElo "2479"]
[BlackElo "2339"]
[PlyCount "79"]
[EventDate "2007.07.20"]

1. e4 e5 2. Nf3 Nc6 3. Bb5 a6 4. Ba4 Nf6 5. Nc3 b5 6. Bb3 Bc5 7. a4 Rb8 8. axb5
axb5 9. d3 d6 10. Nd5 Nxd5 11. Bxd5 Ne7 12. Bb3 O-O 13. c3 Ng6 14. O-O Be6 15.
Bc2 h6 16. d4 Bb6 17. Be3 Qf6 18. Qd2 Rfd8 19. d5 Bg4 20. Ne1 Rf8 21. Nd3 Nh4
22. f4 Qg6 23. Bxb6 cxb6 24. f5 Qh5 25. Rae1 Nxg2 26. Qxg2 Bh3 27. Qg3 Bxf1 28.
Rxf1 Qg5 29. Qxg5 hxg5 30. Nb4 Ra8 31. f6 Kh7 32. Bd3 Ra5 33. Rf5 g6 34. Rxg5
Kh6 35. Rg2 Rfa8 36. Kf2 Ra1 37. Bxb5 Rb1 38. Ke3 Re1+ 39. Kf3 Raa1 40. Nc2 1-0

[Event "PARDUBICE OPEN  2007 "]
[Site "CEZ arena,  Pardubice  (CZE)"]
[Date "2007.07.24"]
[Round "5"]
[White "Safarli, Eltaj"]
[Black "Muzychuk, Mariya"]
[Result "1-0"]
[WhiteElo "2471"]
[BlackElo "2330"]
[PlyCount "73"]
[EventDate "2007.07.20"]

1. e4 d5 2. exd5 Nf6 3. d4 Nxd5 4. Nf3 g6 5. Be2 Bg7 6. O-O O-O 7. Re1 c5 8. c4
Nb6 9. d5 Bg4 10. Qb3 e6 11. Bg5 Qc8 12. Nc3 exd5 13. Nxd5 Nxd5 14. cxd5 Nd7
15. Be7 Re8 16. d6 Nb6 17. Rac1 Be6 18. Qa3 c4 19. Ng5 Bd5 20. Qg3 h6 21. Nh3
Bxb2 22. Bg4 Qc6 23. Rb1 Bg7 24. Nf4 Be4 25. Rbc1 Kh7 26. h4 Be5 27. Bf3 Bxf3
28. Rxe5 Be4 29. Re1 Bd3 30. Nxd3 cxd3 31. Qxd3 Nd7 32. R5e3 Rac8 33. Rf3 Kg8
34. h5 Qc4 35. hxg6 f6 36. Qf5 Ne5 37. Rxe5 1-0

[Event "PARDUBICE OPEN  2007 "]
[Site "CEZ arena,  Pardubice  (CZE)"]
[Date "2007.07.24"]
[Round "5"]
[White "Haub, Thorsten-Michael"]
[Black "Pileckis, Emilis"]
[Result "1/2-1/2"]
[WhiteElo "2466"]
[BlackElo "2326"]
[PlyCount "115"]
[EventDate "2007.07.20"]

1. Nf3 Nf6 2. g3 d5 3. Bg2 c6 4. O-O Bg4 5. c4 e6 6. cxd5 Bxf3 7. Bxf3 cxd5 8.
d3 Nc6 9. Nc3 Bc5 10. Bf4 O-O 11. Rc1 Bd6 12. Bd2 Qd7 13. Bg2 Rfd8 14. a3 Rac8
15. b4 Qe7 16. Kh1 a5 17. Nb5 axb4 18. Nxd6 Qxd6 19. axb4 b5 20. Rc5 Nxb4 21.
Rxb5 Nc6 22. Qa1 Qe5 23. Qxe5 Nxe5 24. Rb2 h6 25. h3 Ned7 26. g4 Rb8 27. Rfb1
Rdc8 28. f4 Ne8 29. f5 Nef6 30. fxe6 fxe6 31. Bf4 Rxb2 32. Rxb2 Ra8 33. Kh2 Ra4
34. Bd2 Ra7 35. Kg3 Ra3 36. Kf2 Ra4 37. Bb4 Ra8 38. Bd6 Ra6 39. Bg3 Ra4 40. Bf3
e5 41. Rb7 e4 42. dxe4 dxe4 43. Bg2 Kf7 44. Be5 Kg6 45. Bb2 h5 46. gxh5+ Kxh5
47. Bxf6 Nxf6 48. Rxg7 Nd5 49. Rg4 Nc3 50. Rg8 Ra2 51. Bf1 Nd1+ 52. Kg1 Ne3 53.
Rg3 Ra3 54. Bg2 Kh4 55. Rg8 Ra1+ 56. Kh2 Re1 57. Rh8+ Kg5 58. Bxe4 1/2-1/2

[Event "PARDUBICE OPEN  2007 "]
[Site "CEZ arena,  Pardubice  (CZE)"]
[Date "2007.07.24"]
[Round "5"]
[White "Sodoma, Jan"]
[Black "Boros, Denes"]
[Result "1-0"]
[WhiteElo "2334"]
[BlackElo "2460"]
[PlyCount "133"]
[EventDate "2007.07.20"]

1. e4 c5 2. Nc3 e6 3. f4 a6 4. Nf3 d5 5. d3 b5 6. g3 b4 7. Nb1 Bb7 8. exd5 Bxd5
9. Bg2 Be7 10. Nbd2 Nh6 11. O-O Nf5 12. Qe2 O-O 13. g4 Nd4 14. Nxd4 Bxg2 15.
Kxg2 cxd4 16. Nc4 Qd5+ 17. Qf3 Nd7 18. b3 a5 19. a4 h5 20. h3 hxg4 21. hxg4 f5
22. g5 Kf7 23. Bb2 Bc5 24. Rh1 Rh8 25. Rae1 Rxh1 26. Rxh1 Qxf3+ 27. Kxf3 Kg6
28. Re1 Ra6 29. Kg3 Ba7 30. Rh1 e5 31. fxe5 Kxg5 32. Bc1+ Kg6 33. Rh8 Bb8 34.
Bf4 Re6 35. Rd8 Re7 36. e6 Bxf4+ 37. Kxf4 Nc5 38. Ne5+ Kf6 39. Rf8+ Kxe6 40.
Rxf5 Rc7 41. Nf3 g6 42. Nxd4+ Ke7 43. Re5+ Kf6 44. Re2 Rd7 45. Nc6 Ne6+ 46. Ke4
Ng5+ 47. Ke3 Rd5 48. d4 Nf7 49. Kd3 Rh5 50. Rf2+ Ke6 51. Rg2 Rh3+ 52. Kc4 Nd6+
53. Kc5 Ne4+ 54. Kb6 g5 55. Nxa5 Kd5 56. Kb5 Rh4 57. Nc4 Kxd4 58. Kxb4 g4 59.
a5 g3 60. a6 Rh6 61. Kb5 Rh5+ 62. Kb4 Rh6 63. Nd2 Nc3 64. Nf3+ Ke3 65. Rxg3 Ne4
66. Ne5+ Nxg3 67. Ng4+ 1-0

[Event "PARDUBICE OPEN  2007 "]
[Site "CEZ arena,  Pardubice  (CZE)"]
[Date "2007.07.24"]
[Round "5"]
[White "Dinger, Florian"]
[Black "Manik, Mikulas"]
[Result "1-0"]
[WhiteElo "2332"]
[BlackElo "2457"]
[PlyCount "74"]
[EventDate "2007.07.20"]

1. e4 e5 2. Nf3 Nc6 3. Bb5 a6 4. Bxc6 dxc6 5. O-O Ne7 6. Nxe5 Qd4 7. Qh5 g6 8.
Qg5 Bg7 9. Nd3 Qxe4 10. Re1 h6 11. Qg3 Qg4 12. Qxc7 Qd7 13. Qxd7+ Bxd7 14. Ne5
Be6 15. d3 O-O 16. Nd2 Rfe8 17. d4 Nd5 18. c3 Bf5 19. Nb3 Re7 20. Bd2 Nb6 21.
Nf3 Rae8 22. Rxe7 Rxe7 23. Re1 Rxe1+ 24. Nxe1 Na4 25. Bc1 b6 26. g3 Bb1 27. a3
Ba2 28. Nd2 c5 29. dxc5 Nxc5 30. Kf1 b5 31. Ke2 Nb3 32. Nxb3 Bxb3 33. Be3 f5
34. h4 Kf7 35. Nd3 Bc4 36. Kd2 Bf8 37. Ne5+ Kg7 1-0

[Event "PARDUBICE OPEN  2007 "]
[Site "CEZ arena,  Pardubice  (CZE)"]
[Date "2007.07.24"]
[Round "5"]
[White "Bibik, Jura"]
[Black "Kovacevic, Blazimir"]
[Result "0-1"]
[WhiteElo "2328"]
[BlackElo "2457"]
[PlyCount "98"]
[EventDate "2007.07.20"]

1. d4 Nf6 2. Nf3 c5 3. c3 e6 4. Bf4 cxd4 5. cxd4 b5 6. e3 a6 7. Bd3 Bb7 8. O-O
Be7 9. Nbd2 Nh5 10. Bg3 Nxg3 11. hxg3 O-O 12. a4 bxa4 13. Qxa4 Nc6 14. Rfc1 Nb4
15. Be2 Bc6 16. Qa5 f6 17. Qh5 Qb8 18. Nc4 Be4 19. Nfd2 Bg6 20. Qa5 Ra7 21. Qa4
Rc8 22. e4 Rac7 23. Qd1 Qa7 24. d5 exd5 25. exd5 Nxd5 26. Bh5 Nb4 27. Bxg6 hxg6
28. Ne3 Rxc1 29. Rxc1 Rxc1 30. Qxc1 Bc5 31. Qc4+ d5 32. Nxd5 Bxf2+ 33. Kf1 Nxd5
34. Qxd5+ Kh7 35. Qf3 Bd4 36. g4 Qb6 37. b3 Qb5+ 38. Nc4 Qg5 39. Qe4 Qc1+ 40.
Ke2 Bc3 41. Qd3 Bb4 42. Ne3 Bc5 43. Nd5 Qb2+ 44. Kd1 Qxg2 45. Qc4 Qf2 46. b4
Bd4 47. Qe2 Qxe2+ 48. Kxe2 Be5 49. Kd3 Kh6 0-1